000 00426nam a2200157Ia 4500
003 GCL
008 140319s9999 xx 000 0 eng d
040 _aGCL /
_cGCL
082 0 4 _a307.762
_bW I
100 1 _aWEYLAND, PETRD
245 1 0 _aINSIDE THE THRIRD WORLD VILLAGE /
_cWEYLAND, PETRD
260 _a[S.N] :
_bROUTLEDGE
650 0 4 _aEGYPT - RURAL CONDITION
650 0 4 _aALIENLABOR EGYPTIAN- PERSIAN G
942 _2ddc
_cBK
999 _c18107
_d18107